| 000 | 00425 a2200133 4500 | ||
|---|---|---|---|
| 005 | 20250711082704.0 | ||
| 020 | _a9976-78-007-9 | ||
| 082 | _a657.97 MWA | ||
| 100 | _aMWANGAMILA, A. G. | ||
| 245 | _aCo-operative Principles and Accounting: Student's Manual | ||
| 260 |
_aDar es salaam, _bNational Board of Accountant and Auditors ( NBAA ), _c2000. |
||
| 300 |
_axii, 145p.: ill.; table. _bBibliography. _c30cm. |
||
| 942 |
_2ddc _cBKS |
||
| 999 |
_c6658 _d6658 |
||